Every Breaking Bad Death - Statistics

General Stats
  • This quiz has been taken 590 times
    589 since last reset
  • The average score is 24 of 60
Answer Stats
Death by Killer Answer % Correct
Gunshot Hank Schrader Tuco Salamanca
91%
Bike lock Walter White Krazy-8
87%
Explosion Hector Salamanca / Walter White Gustavo Fring
86%
Gunshot Walter White Walter White
86%
Heroin overdose Jane Margolis / Walter White Jane Margolis
84%
Gunshot Jack Welker Hank Schrader
83%
Strangled by chain Jesse Pinkman Todd Alquist
82%
Explosion Hector Salamanca / Walter White Hector Salamanca
80%
Gunshot Walter White Jack Welker
77%
Knife Prison inmates / Walter White Jack McGann
76%
Poison Walter White Lydia Rodarte-Quayle
76%
Gunshot Hank Schrader Marco Salamanca
73%
Gunshot Walter White Mike Ehrmantraut
73%
Scrapped car Gonzo Gonzo
70%
Gunshot Jesse Pinkman / Walter White Gale Boetticher
69%
Phosphine gas Walter White Emilio Koyama
68%
Box cutter Gustavo Fring Victor
66%
Gunshot Tomás Cantillo Combo
64%
Poison Gustavo Fring Don Eladio Vuente
63%
Defibrillator Peter Schuler Peter Schuler
59%
Gunshot Jack Welker & his gang Steven Gomez
56%
Explosion Hector Salamanca / Walter White Tyrus Kitt
55%
Machete Marco Salamanca Tortuga
51%
Gunshot Todd Alquist Andrea Cantillo
48%
ATM Machine Their girlfriend Spooge
46%
Gunshot Rival dealers Tomás Cantillo
45%
Gunshot Mexican federales Juan Bolsa
42%
Gunshot Mike Ehrmantraut Chris Mara
41%
Gunshot Todd Alquist Drew Sharp
38%
Beaten to death Tuco Salamanca No-Doze
38%
Gunshot Hector Salamanca Maximino Arciniega
35%
Strangled by fiberwire Mike Ehrmantraut / Gustavo Fring Gaff
32%
Gunshot Jack Welker / Lydia Rodarte-Quayle Declan
26%
Gunshot Chris Mara / Lydia Rodarte-Quayle Duane Chow
25%
Gunshot Jesse Pinkman Joaquin Salamanca
25%
Gunshot Walter White Kenny
20%
Knife Prison inmates / Walter White Dan Wachsberger
19%
Fire Prison inmates / Walter White Dennis Markowski
17%
Poison Gustavo Fring Don Paco
14%
Poison Gustavo Fring Don Cesar
13%
Knife Prison inmates / Walter White Ron Forenall
12%
Axe Marco Salamanca Bobby Kee
11%
Poison Gustavo Fring Don Luis
11%
Poison Gustavo Fring Don Renaldo
11%
Gunshot Walter White Frankie
11%
Gunshot Walter White Lester
11%
Gunshot Walter White Matt
10%
Gunshot / axe Leonel & Marco Salamanca Mrs. Peyketewa
10%
Gunshot Gaff Nick
10%
Knife Prison inmates / Walter White Andrew Holt
9%
Poison Gustavo Fring Don Artuno
9%
Poison Gustavo Fring Don Cisco
9%
Poison Gustavo Fring Don Escalada
9%
Poison Gustavo Fring Miguel
9%
Knife Prison inmates / Walter White William Moniz
9%
Poison Gustavo Fring Benicio Fuentes
8%
Knife Prison inmates / Walter White Raymond Martinez
8%
Knife Prison inmates / Walter White Anthony Perez
7%
Knife Prison inmates / Walter White Harris Boivin
7%
Knife Prison inmates / Walter White Isaac Conley
7%
No matching quizzes found
Score Distribution
Percent of People with Each Score
Percentile by Number Answered
Your Score History
You have not taken this quiz since the last reset